Modern Public Finance / (Record no. 4339)
[ view plain ]
| 000 -LEADER | |
|---|---|
| fixed length control field | 01754nam a2200157 4500 |
| 020 ## - INTERNATIONAL STANDARD BOOK NUMBER | |
| ISBN | 8185386994 |
| 050 ## - CALL NUMBER | |
| Classification number | HJ257.2 |
| Item number | .H47 |
| 100 ## - AUTHOR | |
| Personal name | Herber, Bernard P. |
| 245 ## - TITLE | |
| Title | Modern Public Finance / |
| Statement of responsibility, etc | Herber P. Bernard |
| 260 ## - PUBLICATION INFORMATION | |
| Place of publication | New Delhi |
| Name of publisher | A.I.T.B.S. |
| Year of publication | 2004 |
| 300 ## - DESCRIPTION | |
| Number of Pages | xv, 468p. : |
| Dimensions | 24cm |
| 500 ## - NOTES | |
| General note | Includes index |
| 505 ## - FORMATTED CONTENTS NOTE | |
| Table of Content | Part 1. Public goods and public sector decision making<br/>Chapter 1. Resource scarcity and intersector allocation <br/>Chapter 2. The concept of public goods: reasons for governmental allocation<br/>Chapter 3. Public choice in a democracy <br/>Chapter 4. Fiscal Institutions<br/>Chapter 5. Fiscal principles and concepts <br/><br/>Part II Public Sector Revenues <br/>Chapter 6. Distributional equity in taxation <br/>Chapter 7. Tax shifting and incidence <br/>Chapter 8. Income taxation: the personal tax<br/>Chapter 9. Income taxation: The Corporation income tax<br/>Chapter 10. Wealth taxation : Death and gift taxes <br/>Chapter 11. Wealth taxation : The Property Tax<br/>Chapter 12. Sales taxation : Narrowbased and broadbased sales taxes<br/>Chapter 13. Payroll taxes, social insurance, and public assistance programs <br/>Chapter 14. Tax reforms: Alternative tax instruments for the American Public Sector<br/>Chapter 15. User charges <br/><br/>Part III The Aggregate public sector and fiscal federations <br/>Chapter 16. Fiscal incidences and profile of the aggregate public sector<br/>Chapter 17. The theory of fiscal federalism<br/>Chapter 18. The problems of fiscal federalism and their solution <br/><br/>Part V Fiscal policy and Economic Stabilization <br/>Chapter 19. Aggregate fiscal policy goals <br/>Chapter 20. Aggregate fiscal policy instruments<br/>Chapter 21. Aggregate fiscal policy norms <br/>Chapter 22. Public sector debt<br/>Index<br/> |
| 650 ## - SUBJECTS | |
| Topical Term | Public finance |
| 942 ## - ADDED ENTRY ELEMENTS (KOHA) | |
| Koha item type | Books |
| Withdrawn status | Lost status | Collection code | Home library | Current library | Shelving location | Date acquired | Full call number | Accession Number | Koha item type |
|---|---|---|---|---|---|---|---|---|---|
| Reference | Methodist University Library Main | Methodist University Library Main | General Stacks | 04/09/2005 | HJ257.2 .H47 | 16583 | Books |